MECHANICAL ENGINEERING (CONVENTIONAL AND OBJECTIVE TYPE) (Record no. 14700)

MARC details
000 -LEADER
fixed length control field 00374nam a22001457a 4500
003 - CONTROL NUMBER IDENTIFIER
control field SGT
020 ## - INTERNATIONAL STANDARD BOOK NUMBER
International Standard Book Number 978-81-219-0628-9
082 ## - DEWEY DECIMAL CLASSIFICATION NUMBER
Classification number 621
Item number KHU
100 ## - MAIN ENTRY--PERSONAL NAME
Personal name KHURMI,R.S
245 ## - TITLE STATEMENT
Title MECHANICAL ENGINEERING (CONVENTIONAL AND OBJECTIVE TYPE)
260 ## - PUBLICATION, DISTRIBUTION, ETC. (IMPRINT)
Place of publication, distribution, etc NEW DELHI
Name of publisher, distributor, etc EURASIA PUBLISHING HOUSE
Year of Publication 2016
300 ## - PAGE DESCRIPTION
No. of Pages 838
650 ## - SUBJECT ADDED ENTRY--TOPICAL TERM
Topical term or geographic name as entry element MECHANICAL ENGINEERING
942 ## - ADDED ENTRY ELEMENTS (KOHA)
Source of classification or shelving scheme Dewey Decimal Classification
Koha item type Books
942 ## - ADDED ENTRY ELEMENTS (KOHA)
-- 2
Holdings
Withdrawn status Lost status Source of classification or shelving scheme Damaged status Not for loan Collection code Home library Current library Shelving location Date acquired Vendor Name Cost, normal purchase price SGTU Bill Number Total Checkouts Full call number Accession No. (Barcode) Date last seen Bill Date Koha item type Date last borrowed
    Dewey Decimal Classification     ENGINEERING SGT Engineering Library SGT Engineering Library Text Book 24/01/2018 KIRTI PRAKASHAN (NEW DELHI ) 650.00 SGTU IN-1391   621 KHU FE7066 24/01/2018   Books  
    Dewey Decimal Classification     ENGINEERING SGT Engineering Library SGT Engineering Library Text Book 24/01/2018 KIRTI PRAKASHAN (NEW DELHI ) 650.00 SGTU IN-1391   621 KHU FE7067 24/01/2018   Books  
    Dewey Decimal Classification     ENGINEERING SGT Engineering Library SGT Engineering Library Text Book 24/01/2018 KIRTI PRAKASHAN (NEW DELHI ) 650.00 SGTU IN-1391 2 621 KHU FE7068 27/08/2022   Books 12/08/2022
    Dewey Decimal Classification     ENGINEERING SGT Engineering Library SGT Engineering Library Text Book 24/01/2018 KIRTI PRAKASHAN (NEW DELHI ) 650.00 SGTU IN-1391   621 KHU FE7069 24/01/2018   Books  
    Dewey Decimal Classification     ENGINEERING SGT Engineering Library SGT Engineering Library Text Book 24/01/2018 KIRTI PRAKASHAN (NEW DELHI ) 650.00 SGTU IN-1391 3 621 KHU FE7070 25/05/2019   Books 16/05/2019